Central Library OPAC University of Rajshahi

Menander, the principal fragments / (Record no. 23390)

MARC details
000 -LEADER
fixed length control field 01137cam a22003251 4500
001 - CONTROL NUMBER
control field 23390
003 - CONTROL NUMBER IDENTIFIER
rucl marc code BD-RjUL
005 - DATE AND TIME OF LATEST TRANSACTION
control field 20211209000926.0
008 - FIXED-LENGTH DATA ELEMENTS--GENERAL INFORMATION
fixed length control field 140310r19511921enkc b 000 0 eng d
035 ## - SYSTEM CONTROL NUMBER
System control number (BD-RjUL)23455
System control number (OCoLC)5329230
040 ## - CATALOGING SOURCE
Original cataloging agency DLC
Transcribing agency OCl
Modifying agency OCoLC
-- DLC
-- BD-RjUL
Language of cataloging eng
041 1# - LANGUAGE CODE
Language code of text/sound track or separate title enggre
Language code of original und
051 ## - LIBRARY OF CONGRESS COPY, ISSUE, OFFPRINT STATEMENT
Classification number PA4245
Item number .A2 Copy 2
Copy information Copy 2.
082 00 - DEWEY DECIMAL CLASSIFICATION NUMBER
Classification number 882.6
Author mark and year MEN 1951
100 0# - MAIN ENTRY--PERSONAL NAME
Personal name Menander,
9 (RLIN) 67125
245 10 - TITLE STATEMENT
Title Menander, the principal fragments /
Statement of responsibility, etc. with an English translation by Francis G. Allinson .
260 ## - PUBLICATION, DISTRIBUTION, ETC. (IMPRINT)
Place of publication, distribution, etc. London ;
Name of publisher, distributor, etc. W. Heinemann,
Place of publication, distribution, etc. New York :
Name of publisher, distributor, etc. G.P. Putnam's Sons,
Date of publication, distribution, etc. 1921. [Reprinted 1951]
300 ## - PHYSICAL DESCRIPTION
Pagination xxxi, 539, [1] p. :
Illustrations front. (port.) ;
Size 17 cm.
500 ## - GENERAL NOTE
General note Greek and English on opposite pages.
504 ## - BIBLIOGRAPHY, ETC. NOTE
Bibliography, etc Bibliography: p. xxvii-xxxi. and Index
600 00 - SUBJECT ADDED ENTRY--PERSONAL NAME
Personal name Menander,
Titles and other words associated with a name of Athens
651 #0 - SUBJECT ADDED ENTRY--GEOGRAPHIC NAME
Geographic name Greece
Form subdivision Drama.
9 (RLIN) 58572
700 1# - ADDED ENTRY--PERSONAL NAME
Personal name Allinson, Francis Greenleaf,
Dates associated with a name 1856-1931,
Relator term tr.
942 ## - ADDED ENTRY ELEMENTS (KOHA)
Source of classification or shelving scheme Dewey Decimal Classification
Koha item type Books
Holdings
Lost status Source of classification or shelving scheme Damaged status Not for loan Collection code Permanent Location Current Location Shelving location Date acquired Source of acquisition Cost, normal purchase price Total Checkouts Full call number Date last seen Copy number Koha item type
  Dewey Decimal Classification   Added to bundle Non-fiction Central Library, University of Rajshahi Central Library, University of Rajshahi Reading Room 10/03/1955 Standard Publication 15.00   882.6 MEN 1951 10/03/2014 C-1 Books